000 00743nam a2200169Ia 4500
008 090711s9999 xx 000 0 und d
082 _b50431
100 _aदिवाडकर नारायण िSााम्णाजी
245 _aस्वदेशस्थित्यादर्श
260 _b"जगदिश्र्वर पिं्रटिंग प्रेस,"
_c1884
300 _a20
600 _aदिवाडकर नारायण िSााम्णाजी
630 _aस्वदेशस्थित्यादर्श
700 _aदिवाडकर नारायण िSााम्णाजी
730 _aस्वदेशस्थित्यादर्श
942 _cBOOK
999 _c333793
_d333793